International Financial Management (Record no. 19341)

MARC details
000 -LEADER
fixed length control field 00363 a2200157 4500
003 - CONTROL NUMBER IDENTIFIER
control field OSt
005 - DATE AND TIME OF LATEST TRANSACTION
control field 20260217104449.0
008 - FIXED-LENGTH DATA ELEMENTS--GENERAL INFORMATION
fixed length control field 260217b |||||||| |||| 00| 0 eng d
020 ## - INTERNATIONAL STANDARD BOOK NUMBER
International Standard Book Number 9789357460880
040 ## - CATALOGING SOURCE
Transcribing agency SRHU
100 ## - MAIN ENTRY--PERSONAL NAME
Personal name Shapiro,A.C. & Others
245 ## - TITLE STATEMENT
Title International Financial Management
250 ## - EDITION STATEMENT
Edition statement 11th
260 ## - PUBLICATION, DISTRIBUTION, ETC.
Name of publisher, distributor, etc. wiley
942 ## - ADDED ENTRY ELEMENTS (KOHA)
Source of classification or shelving scheme Dewey Decimal Classification
Koha item type Management
Holdings
Withdrawn status Lost status Source of classification or shelving scheme Damaged status Not for loan Collection code Home library Current library Shelving location Date acquired Cost, normal purchase price Total Checkouts Full call number Barcode Date last seen Copy number Cost, replacement price Price effective from Koha item type
    Dewey Decimal Classification     Non-fiction SRHU Library System School of Management Studies General Stacks 11/02/2025 841.62   658.1599SHA CL0024422 11/02/2025 1 1079.00 11/02/2025 Management
Designed & Maintained by: SRHU Library System
Central Library, Contact: